<?xml version="1.0" encoding="UTF-8"?>
<record
    xmlns:xsi="http://www.w3.org/2001/XMLSchema-instance"
    xsi:schemaLocation="http://www.loc.gov/MARC21/slim http://www.loc.gov/standards/marcxml/schema/MARC21slim.xsd"
    xmlns="http://www.loc.gov/MARC21/slim">

  <leader>01611cam0a2200577   4500</leader>
  <controlfield tag="001">13866</controlfield>
  <controlfield tag="003">http://www.sudoc.fr/136838308</controlfield>
  <controlfield tag="005">20250415144758.0</controlfield>
  <datafield tag="010" ind1=" " ind2=" ">
    <subfield code="a">9782200354466</subfield>
  </datafield>
  <datafield tag="035" ind1=" " ind2=" ">
    <subfield code="a">(OCoLC)495407723</subfield>
  </datafield>
  <datafield tag="035" ind1=" " ind2=" ">
    <subfield code="a">ALP000463339</subfield>
  </datafield>
  <datafield tag="035" ind1=" " ind2=" ">
    <subfield code="a">582491</subfield>
  </datafield>
  <datafield tag="035" ind1=" " ind2=" ">
    <subfield code="a">flora725990</subfield>
  </datafield>
  <datafield tag="035" ind1=" " ind2=" ">
    <subfield code="a">1221953</subfield>
  </datafield>
  <datafield tag="035" ind1=" " ind2=" ">
    <subfield code="a">617768</subfield>
  </datafield>
  <datafield tag="035" ind1=" " ind2=" ">
    <subfield code="a">alp316974</subfield>
  </datafield>
  <datafield tag="035" ind1=" " ind2=" ">
    <subfield code="a">791415</subfield>
  </datafield>
  <datafield tag="035" ind1=" " ind2=" ">
    <subfield code="a">ALP000516925</subfield>
  </datafield>
  <datafield tag="073" ind1=" " ind2="1">
    <subfield code="a">9782200354466</subfield>
  </datafield>
  <datafield tag="090" ind1=" " ind2=" ">
    <subfield code="a">13866</subfield>
  </datafield>
  <datafield tag="099" ind1=" " ind2=" ">
    <subfield code="o">0</subfield>
  </datafield>
  <datafield tag="100" ind1=" " ind2=" ">
    <subfield code="a">20090928h20092009m  y0frey50      ba</subfield>
  </datafield>
  <datafield tag="101" ind1="0" ind2=" ">
    <subfield code="a">fre</subfield>
  </datafield>
  <datafield tag="102" ind1=" " ind2=" ">
    <subfield code="a">FR</subfield>
  </datafield>
  <datafield tag="105" ind1=" " ind2=" ">
    <subfield code="a">y   a   001yy</subfield>
  </datafield>
  <datafield tag="181" ind1=" " ind2=" ">
    <subfield code="6">z01</subfield>
    <subfield code="c">txt</subfield>
    <subfield code="2">rdacontent</subfield>
  </datafield>
  <datafield tag="181" ind1=" " ind2="1">
    <subfield code="6">z01</subfield>
    <subfield code="a">i#</subfield>
    <subfield code="b">xxxe##</subfield>
  </datafield>
  <datafield tag="182" ind1=" " ind2=" ">
    <subfield code="6">z01</subfield>
    <subfield code="c">n</subfield>
    <subfield code="2">rdamedia</subfield>
  </datafield>
  <datafield tag="182" ind1=" " ind2="1">
    <subfield code="6">z01</subfield>
    <subfield code="a">n</subfield>
  </datafield>
  <datafield tag="183" ind1=" " ind2="1">
    <subfield code="6">z01</subfield>
    <subfield code="a">nga</subfield>
    <subfield code="2">RDAfrCarrier</subfield>
  </datafield>
  <datafield tag="200" ind1="1" ind2=" ">
    <subfield code="a">Le th&#xE9;&#xE2;tre</subfield>
    <subfield code="e">texte, dramaturgie, histoire</subfield>
    <subfield code="b">LIVR</subfield>
  </datafield>
  <datafield tag="205" ind1=" " ind2=" ">
    <subfield code="a">[2e &#xE9;dition]</subfield>
  </datafield>
  <datafield tag="214" ind1=" " ind2="0">
    <subfield code="c">Armand Colin</subfield>
    <subfield code="d">DL 2009</subfield>
  </datafield>
  <datafield tag="214" ind1=" " ind2="0">
    <subfield code="a">[Paris]</subfield>
  </datafield>
  <datafield tag="215" ind1=" " ind2=" ">
    <subfield code="a">1 vol. (127 p.)</subfield>
  </datafield>
  <datafield tag="215" ind1=" " ind2=" ">
    <subfield code="d">18 cm</subfield>
  </datafield>
  <datafield tag="225" ind1="0" ind2=" ">
    <subfield code="a">128</subfield>
  </datafield>
  <datafield tag="225" ind1="0" ind2=" ">
    <subfield code="i">Lettres linguistique</subfield>
  </datafield>
  <datafield tag="305" ind1=" " ind2=" ">
    <subfield code="a">Autre tirage : 2011</subfield>
  </datafield>
  <datafield tag="317" ind1=" " ind2=" ">
    <subfield code="5">751052116:387156550</subfield>
    <subfield code="a">Don du D&#xE9;pot L&#xE9;gal 2009. 8 DL 1582</subfield>
  </datafield>
  <datafield tag="320" ind1=" " ind2=" ">
    <subfield code="a">Bibliogr. p. 121-[126]. Index</subfield>
  </datafield>
  <datafield tag="410" ind1=" " ind2=" ">
    <subfield code="0">059067063</subfield>
  </datafield>
  <datafield tag="410" ind1=" " ind2=" ">
    <subfield code="t">128. Lettres</subfield>
    <subfield code="x">1637-6900</subfield>
  </datafield>
  <datafield tag="452" ind1=" " ind2=" ">
    <subfield code="0">177214279</subfield>
  </datafield>
  <datafield tag="452" ind1=" " ind2=" ">
    <subfield code="t">&#x98;Le &#x9C;th&#xE9;&#xE2;tre</subfield>
    <subfield code="o">texte, dramaturgie, histoire</subfield>
    <subfield code="f">Alain Couprie</subfield>
    <subfield code="e">[2e &#xE9;dition]</subfield>
    <subfield code="c">Arcueil</subfield>
    <subfield code="n">Numilog</subfield>
    <subfield code="d">2009</subfield>
    <subfield code="s">128</subfield>
  </datafield>
  <datafield tag="606" ind1=" " ind2=" ">
    <subfield code="3">027331954</subfield>
    <subfield code="a">Th&#xE9;&#xE2;tre (genre litt&#xE9;raire)</subfield>
    <subfield code="2">rameau</subfield>
  </datafield>
  <datafield tag="676" ind1=" " ind2=" ">
    <subfield code="a">809.2</subfield>
    <subfield code="v">21</subfield>
  </datafield>
  <datafield tag="686" ind1=" " ind2=" ">
    <subfield code="a">809</subfield>
    <subfield code="2">DEWBSG</subfield>
  </datafield>
  <datafield tag="700" ind1=" " ind2="1">
    <subfield code="a">Couprie</subfield>
    <subfield code="b">Alain</subfield>
    <subfield code="f">1945-....</subfield>
  </datafield>
  <datafield tag="700" ind1=" " ind2="1">
    <subfield code="3">02859066X</subfield>
    <subfield code="4">070</subfield>
  </datafield>
  <datafield tag="801" ind1=" " ind2="3">
    <subfield code="a">FR</subfield>
    <subfield code="b">Abes</subfield>
    <subfield code="c">20210928</subfield>
    <subfield code="g">AFNOR</subfield>
  </datafield>
  <datafield tag="995" ind1=" " ind2=" ">
    <subfield code="2">0</subfield>
    <subfield code="5">2025-04-15</subfield>
    <subfield code="9">13751</subfield>
    <subfield code="c">JOL</subfield>
    <subfield code="f">JOL-007567</subfield>
    <subfield code="k">THEO COU</subfield>
    <subfield code="o">0</subfield>
    <subfield code="b">JOL</subfield>
    <subfield code="r">LIVR</subfield>
  </datafield>
</record>
